[Event "Marseille op 4th"]
[Site "Marseille"]
[Date "2011.12.28"]
[Round "6"]
[White "Bekhouche, Erick"]
[Black "Legrand, Vincent"]
[Result "0-1"]
[WhiteElo "1663"]
[BlackElo "1491"]
[PlyCount "92"]
[EventDate "2011.12.26"]
[EventType "swiss"]
[EventRounds "9"]
[EventCountry "FRA"]
[SourceTitle "CBM 146 Extra"]
[Source "ChessBase"]
[SourceDate "2012.02.29"]
[SourceVersion "1"]
[SourceVersionDate "2012.02.29"]
[SourceQuality "1"]

1. d4 Nf6 2. c4 c5 3. d5 b5 4. cxb5 a6 5. b6 Qxb6 6. Nc3 g6 7. e4 d6 8. a4 a5 9. Nf3 Nbd7 10. Nd2 Bg7 11. Ra3 0-0 12. Rb3 Qd8 13. Bb5 Ba6 14. 0-0 Nb6 15. Re1 c4 16. Ra3 Bxb5 17. Nxb5 e6 18. dxe6 fxe6 19. Nf3 d5 20. e5 Ne4 21. Nbd4 Qd7 22. Be3 Nc8 23. Qc1 Ne7 24. Bh6 Nc6 25. Bxg7 Kxg7 26. Qd1 Kg8 27. Nb5 Nc5 28. Rae3 Nb4 29. Ng5 Ncd3 30. R1e2 h6 31. Nf3 g5 32. h3 Nf4 33. Rd2 Nbd3 34. Nh2 Qf7 35. Ng4 Kg7 36. Rf3 h5 37. Nf6 Nxe5 38. Rxf4 gxf4 39. Nxh5+ Kh6 40. g4 fxg3 41. Nxg3 Nf3+ 42. Kf1 Nxd2+ 43. Qxd2+ Qf4 44. Qe2 Qxg3 45. Qxe6+ Qg6 46. Qxd5 Qb1+ 0-1

[Event "Marseille op 2nd "]
[Site "Marseille"]
[Date "2009.12.30"]
[Round "9"]
[White "Muscariello, Jean"]
[Black "Bekhouche, Erick"]
[Result "0-1"]
[WhiteElo "1464"]
[BlackElo "1744"]
[PlyCount "46"]
[EventDate "2009.12.26"]
[EventType "swiss"]
[EventRounds "9"]
[EventCountry "FRA"]
[SourceTitle "CBM 134 Extra"]
[Source "ChessBase"]
[SourceDate "2010.03.03"]
[SourceVersion "1"]
[SourceVersionDate "2010.03.03"]
[SourceQuality "1"]

1. e4 e6 2. d4 d5 3. exd5 exd5 4. Nf3 Bd6 5. Bd3 Bg4 6. Nbd2 Nc6 7. c3 Nge7 8. Qb3 Qc8 9. 0-0 b6 10. Re1 0-0 11. Qc2 Bf5 12. Nh4 Bxd3 13. Qxd3 Ng6 14. Nhf3 Qg4 15. h3 Qxg2+ 16. Kxg2 Nf4+ 17. Kf1 Nxd3 18. Re3 Nf4 19. Nh4 Rae8 20. Rf3 Ne7 21. Nb3 Neg6 22. Ng2 Nxg2 23. Kxg2 Nh4+ 0-1

[Event "Marseille op 2nd "]
[Site "Marseille"]
[Date "2009.12.27"]
[Round "3"]
[White "Claustre, Jordan"]
[Black "Bekhouche, Erick"]
[Result "0-1"]
[WhiteElo "1540"]
[BlackElo "1744"]
[PlyCount "72"]
[EventDate "2009.12.26"]
[EventType "swiss"]
[EventRounds "9"]
[EventCountry "FRA"]
[SourceTitle "CBM 134 Extra"]
[Source "ChessBase"]
[SourceDate "2010.03.03"]
[SourceVersion "1"]
[SourceVersionDate "2010.03.03"]
[SourceQuality "1"]

1. e4 e6 2. d4 d5 3. Nc3 Nf6 4. Bg5 Be7 5. Bxf6 Bxf6 6. e5 Be7 7. Nf3 c5 8. Be2 Nc6 9. Bb5 Bd7 10. a3 Qc7 11. Bxc6 Bxc6 12. 0-0 cxd4 13. Nxd4 Qxe5 14. Re1 Qf6 15. Ndb5 0-0 16. Qe2 Bc5 17. b4 Bb6 18. Na4 Bxb5 19. Qxb5 Bxf2+ 20. Kh1 Bxe1 21. Rxe1 b6 22. h3 Qf2 23. Re2 Qf1+ 24. Kh2 Rac8 25. c3 Rc4 26. Re3 Qf4+ 27. Rg3 h5 28. h4 Qxh4+ 29. Rh3 Qf4+ 30. Kg1 h4 31. Nb2 Qc1+ 32. Nd1 Qxd1+ 33. Kh2 Qe1 34. a4 Qe5+ 35. Kh1 Rxc3 36. a5 Rc1+ 0-1